000 01209cam a2200325u 4500
001 20515
003 BD-RjUL
005 20211209000556.0
008 140301s1925 nyu 000 0 eng d
035 _a(BD-RjUL)20577
040 _aDLC
_cCarP
_dDLC
_beng
041 _aeng
082 0 0 _a823
_bTHV 1925
100 1 _aThackeray, William Makepeace,
_d1811-1863.
_963275
245 1 4 _aThe Virginians :
_bDesigned to be Read as a Modern Novel /
_c William Makepeace, Thackeray
260 _aLondon & Toronto ;
_bJ. M. Dent & sons, ltd. :
_aNew York :
_bE. P. Dutton & co,
_c1925
300 _a345p. ;
_c18 cm.
650 0 _aInheritance and succession
_vFiction.
_942368
650 0 _aAmericans
_zEngland
_vFiction.
_942429
650 0 _aBrothers
_vFiction.
_958463
650 0 _aTwins
_vFiction.
_963276
651 0 _aUnited States
_xHistory
_yFrench and Indian War, 1754-1763
_vFiction.
_951518
651 0 _aVirginia
_xHistory
_yRevolution, 1775-1783
_vFiction.
_963277
651 0 _aGreat Britain
_xHistory
_y18th century
_vFiction.
_963278
655 7 _aDomestic fiction.
_2lcsh
_963288
655 7 _aHistorical fiction.
_2gsafd
_963289
942 _2ddc
_cBK
999 _c20515
_d20515